Yoga For Holistic Life: (Record no. 204917)

MARC details
000 -LEADER
fixed length control field 00600nam a22001937a 4500
005 - DATE AND TIME OF LATEST TRANSACTION
control field 20240807111215.0
010 ## - LCCN (DPL NO)
LC control number ENG-141264
020 ## - INTERNATIONAL STANDARD BOOK NUMBER
International Standard Book Number 9788195375233
Terms of availability 299.00
035 ## - SYSTEM CONTROL NUMBER
System control number EN-124796
037 ## - SOURCE OF ACQUISITION
Source of stock number/acquisition DBAD
082 ## - DEWEY DECIMAL CLASSIFICATION NUMBER
Classification number 181.45
100 ## - MAIN ENTRY--PERSONAL NAME
Personal name Bhuyan Chaturbhuja
245 ## - TITLE STATEMENT
Title Yoga For Holistic Life:
Statement of responsibility, etc By Chaturbhuja Bhuyan
250 ## - EDITION STATEMENT
Edition statement 2
260 ## - PUBLICATION, DISTRIBUTION, ETC. (IMPRINT)
Place of publication, distribution, etc Bhubaneshwar
Name of publisher, distributor, etc Maruti Printech Industry
Date of publication, distribution, etc 2022
270 ## - ADDRESS
Address Radhakrushna kunja, 156/ Ananta Viahr, Phase 2 Pokhariput ,
City Odisha
Telephone number 9437003344
Postal code 751020
300 ## - PHYSICAL DESCRIPTION
Extent 283p.
Dimensions 22cm(pbk)
942 ## - ADDED ENTRY ELEMENTS (KOHA)
Source of classification or shelving scheme Dewey Decimal Classification
Item type English Books
Classification part 181.45
Call number suffix BHU
Holdings
Withdrawn status Lost status Not for loan Collection code Home library Current library Date acquired Source of acquisition Cost, normal purchase price Full call number Barcode Copy number Cost, replacement price Koha item type
      Non-fiction Shahdara Branch Shahdara Branch 07/08/2024 DBAD 299.00 181.45 BHU EN-124796 1 299.00 English Books

© Delhi Public Library
Hit Counter
free hit counter